[Event "Druzynowe Mistrzostwa Polski - II liga"]
[Site "Dom Wczasowy VIS Jastrzebia Gora"]
[Date "1899-12-30"]
[Round "5.79"]
[White "Szewczyk, Mariusz"]
[Black "Mroziak, Maciej"]
[Result "1/2-1/2"]
[WhiteTitle "k"]
[BlackTitle "IM"]
[WhiteElo "2058"]
[BlackElo "2352"]

1. e4 c5 2. Nf3 e6 3. c3 Nf6 4. e5 Nd5 5. d4 cxd4 6. cxd4 d6 7. Bc4 Nc6 8. O-O
Be7 9. Qe2 Nb6 10. Bb3 d5 11. Nc3 a6 12. Bc2 Bd7 13. a3 Rc8 14. Qd3 Na7 15. Bd2
Nc4 16. Rab1 h6 17. Rfc1 Qc7 18. a4 Nc6 19. Na2 b5 20. Bd1 Qb6 21. axb5 axb5 22.
b3 Nxd2 23. Qxd2 b4 24. Rc2 O-O 25. Nc1 f6 26. Ne2 fxe5 27. dxe5 Bc5 28. Nc1 Nd4
29. Ra2 Nb5 30. Rba1 Nc3 31. Ra6 Bxf2+ 32. Qxf2 Qxf2+ 33. Kxf2 Nxd1+ 34. Kg1 Ne3
35. R6a2 Bb5 36. Ne2 Nc2 37. Rxc2 Rxc2 38. Ned4 Bd3 39. Nxc2 Bxc2 40. Nd4 Be4
41. Nxe6 Re8 42. Nd4 Rxe5 43. Ra4 Re7 44. Rxb4 Rc7 45. Kf2 Kf7 46. Rb6 Rc1 47.
b4 Rd1 48. Nf3 d4 49. Ke2 Bxf3+ 50. Kxf3 d3 51. Ke3 d2 52. g3 h5 53. Ke2 Rh1 54.
Kxd2 Rxh2+ 55. Ke3 h4 56. gxh4 Rxh4 57. b5 1/2-1/2

[Event "Druzynowe Mistrzostwa Polski - II liga"]
[Site "Dom Wczasowy VIS Jastrzebia Gora"]
[Date "1899-12-30"]
[Round "5.80"]
[White "Dzierzak, Radoslaw"]
[Black "Kowalec, Maciej"]
[Result "1/2-1/2"]
[WhiteTitle "FM"]
[BlackTitle "k"]
[WhiteElo "2254"]
[BlackElo "2098"]

1. e4 c5 2. Nf3 d6 3. d4 cxd4 4. Nxd4 Nf6 5. Nc3 a6 6. g3 e5 7. Nde2 Be7 8. Bg2
O-O 9. O-O b5 10. Nd5 Nbd7 11. Nec3 Nxd5 12. Nxd5 Nf6 13. Be3 Nxd5 14. Qxd5 Be6
15. Qd2 Qc7 16. c3 Rfd8 17. a4 Qc6 18. axb5 axb5 19. Rxa8 Rxa8 20. Rb1 Bb3 21.
Qc1 d5 22. exd5 Bxd5 23. Bxd5 Qxd5 24. Ra1 Rxa1 25. Qxa1 h5 26. h4 Bc5 27. Bxc5
Qxc5 28. Qa8+ Kh7 29. Qf3 Kg6 30. Qd3+ Kf6 31. Qf3+ Kg6 32. Qd3+ Kf6 33. Qd8+
Ke6 34. Qe8+ Kf6 35. b3 Qd5 36. b4 Kg6 37. Qe7 f6 38. Qe8+ Kh6 39. Qf8 Kg6 40.
Qe8+ Kh6 41. Qe7 Kg6 42. Qe8+ 1/2-1/2

[Event "Druzynowe Mistrzostwa Polski - II liga"]
[Site "Dom Wczasowy VIS Jastrzebia Gora"]
[Date "1899-12-30"]
[Round "5.81"]
[White "Fronczak, Sebastian"]
[Black "Gola, Karol"]
[Result "1-0"]
[WhiteTitle "I"]
[BlackTitle "k"]
[WhiteElo "1936"]
[BlackElo "2148"]

1. e4 e5 2. Nf3 Nf6 3. Nxe5 d6 4. Nf3 Nxe4 5. c4 c6 6. Nc3 Nxc3 7. bxc3 Be7 8.
d4 d5 9. cxd5 cxd5 10. Bd3 O-O 11. h3 Re8 12. O-O Nd7 13. Re1 h6 14. Bf4 Nf6 15.
Ne5 Be6 16. Rb1 Qc7 17. Qf3 Bd6 18. Bxh6 Ne4 19. Bf4 Rac8 20. Bxe4 dxe4 21. Qxe4
Bxa2 22. Rxb7 Qxc3 23. Rc1 Qa3 24. Rxc8 Rxc8 25. Qf5 Be6 26. Qh5 Qa1+ 27. Kh2
Qxd4 28. Rxf7 Bxe5 29. Bxe5 Bxf7 30. Qg5 Qxe5+ 31. Qxe5 a6 32. Qa5 Bc4 33. f4
Bb5 34. g4 Rc4 35. Kg3 Kf7 36. f5 Rc6 37. Qa1 Bd3 38. Qd4 Bxf5 39. Qd5+ 1-0

[Event "Druzynowe Mistrzostwa Polski - II liga"]
[Site "Dom Wczasowy VIS Jastrzebia Gora"]
[Date "1899-12-30"]
[Round "5.82"]
[White "Duda, Lukasz"]
[Black "Rzeszowski, Dominik"]
[Result "1/2-1/2"]
[WhiteTitle "k++"]
[BlackTitle "I++"]
[WhiteElo "2115"]
[BlackElo "1855"]

1. e4 c5 2. Nc3 a6 3. g3 b5 4. Bg2 Bb7 5. d3 e6 6. Nf3 d5 7. exd5 exd5 8. d4 c4
9. O-O Nf6 10. Bf4 Be7 11. Re1 O-O 12. Ne5 Nc6 13. a3 Re8 14. Nxc6 Bxc6 15. Be5
Qd7 16. h3 a5 17. Bxf6 Bxf6 18. Ne2 Re7 19. Qd2 Rae8 20. Kf1 Qf5 21. g4 Bg5 22.
Qc3 Qf6 23. Ng3 Qf4 24. Rxe7 Rxe7 25. Ne2 Qc7 26. Qg3 Qxg3 27. Nxg3 g6 28. Ne2
b4 29. axb4 axb4 30. Ra5 Rd7 31. Ra6 Bb7 32. Ra7 Re7 33. f4 Bh4 34. g5 Kf8 35.
Ra5 Rd7 36. Bf3 f6 37. gxf6 Bxf6 38. Rb5 Be7 39. Bg4 Rc7 40. Be6 Bc6 41. Ra5 Bd7
42. Bg4 h5 43. Bxd7 Rxd7 44. Kf2 Kf7 45. Kf3 Ke6 46. Ng3 Bd6 47. Ne2 Rf7 48. Ke3
Rf5 49. Ra6 Ke7 50. Ra7+ Ke6 51. Ra6 Ke7 52. Ra7+ Ke6 53. Ra6 Ke5 54. Ke4+ 1/2-1/2

[Event "Druzynowe Mistrzostwa Polski - II liga"]
[Site "Dom Wczasowy VIS Jastrzebia Gora"]
[Date "1899-12-30"]
[Round "5.83"]
[White "Powalka, Michal"]
[Black "Kalmuk, Krzysztof"]
[Result "0-1"]
[WhiteTitle "I++"]
[BlackTitle "I++"]
[WhiteElo "1986"]
[BlackElo "1997"]

1. e4 c6 2. Nc3 d5 3. Nf3 Bg4 4. h3 Bxf3 5. Qxf3 e6 6. d3 Nf6 7. Bd2 Nbd7 8. g4
h6 9. Bg2 Bb4 10. a3 Ba5 11. Qe2 d4 12. Nb1 Bxd2+ 13. Nxd2 Qc7 14. Nc4 Ne5 15.
O-O Nxc4 16. dxc4 e5 17. f4 Nd7 18. f5 Qb6 19. b4 c5 20. Rfb1 Qf6 21. Qd2 Rc8
22. Bf1 Qh4 23. Qe1 Qg5 24. Qc1 Qf6 25. Kg2 g5 26. Be2 Qc6 27. Bd3 Nf6 28. b5
Qd6 29. Qd2 Ke7 30. Rh1 Ra8 31. a4 Qc7 32. Rab1 a6 33. a5 axb5 34. Rxb5 Ra7 35.
Rhb1 Rha8 36. Qc1 Nd7 37. R1b3 Rxa5 38. Rxb7 Qc6 39. R3b6 Qxb6 40. Rxb6 Nxb6 41.
h4 f6 42. hxg5 hxg5 43. Qh1 Nd7 44. Qh7+ Kd6 45. Kf2 Ra1 46. Kg2 Rc1 47. Kf2 Raa1
48. Qh3 Rh1 49. Qg2 Rhd1 50. Kf3 Rg1 51. Qd2 Rh1 52. Qg2 Rag1 53. Qf2 Rh3+ 54.
Ke2 Rgh1 0-1

[Event "Druzynowe Mistrzostwa Polski - II liga"]
[Site "Dom Wczasowy VIS Jastrzebia Gora"]
[Date "1899-12-30"]
[Round "5.84"]
[White "Pisarek, Elzbieta"]
[Black "Bebnik, Malgorzata"]
[Result "1/2-1/2"]
[WhiteTitle "I++"]
[BlackTitle "I++"]
[WhiteElo "1788"]
[BlackElo "1846"]

1. e4 c6 2. d4 d5 3. Nc3 dxe4 4. Nxe4 Bf5 5. Ng3 Bg6 6. h4 h6 7. h5 Bh7 8. Nf3
Nd7 9. Bd3 Bxd3 10. Qxd3 e6 11. Bd2 Ngf6 12. O-O-O Be7 13. Ne4 Qc7 14. g3 Nxe4
15. Qxe4 Nf6 16. Qe2 Bd6 17. Ne5 O-O-O 18. f4 Nd5 19. c4 Nb4 20. a3 Na6 21. Bc3
Qe7 22. b4 Nb8 23. Rhe1 Rhe8 24. Qf3 a5 25. Nd3 axb4 26. axb4 Na6 27. Nc5 Bxc5
28. dxc5 f6 29. Kb2 Rxd1 30. Rxd1 Rd8 31. Qe2 Rxd1 32. Qxd1 Qd7 33. Qe2 Nc7 34.
Kb3 Na6 35. g4 Nc7 36. Qd2 Qf7 37. Qd4 Ne8 38. b5 e5 39. fxe5 cxb5 40. Qd5 bxc4+
41. Kxc4 Qe7 42. exf6 Qe2+ 43. Kb3 Qb5+ 44. Ka3 Qa6+ 45. Kb4 gxf6 46. Qf5+ Kd8
47. Qd5+ Kc8 48. Qc4 Qc6 49. Qf4 Nc7 50. Qxh6 Qb5+ 51. Ka3 Qxc5+ 52. Kb2 Qb5+
53. Ka3 Qa6+ 1/2-1/2

[Event "Druzynowe Mistrzostwa Polski - II liga"]
[Site "Dom Wczasowy VIS Jastrzebia Gora"]
[Date "1899-12-30"]
[Round "5.86"]
[White "Bes, Michal"]
[Black "Okrucinski, Tadeusz"]
[Result "0-1"]
[WhiteTitle "k"]
[BlackTitle "FM"]
[WhiteElo "2091"]
[BlackElo "2182"]

1. e4 c5 2. Nc3 Nc6 3. f4 d6 4. Nf3 e6 5. Bb5 Nge7 6. d4 cxd4 7. Nxd4 a6 8. Bc4
Nxd4 9. Qxd4 Nc6 10. Qf2 b5 11. Bb3 Be7 12. Be3 O-O 13. O-O-O Na5 14. Bb6 Nxb3+
15. cxb3 Qe8 16. Kb1 b4 17. Ne2 a5 18. Nc1 Bb7 19. Rhe1 a4 20. bxa4 Qxa4 21. b3
Qb5 22. Bd4 e5 23. Ba1 Rfe8 24. fxe5 dxe5 25. Qe2 Qa5 26. Qb2 f6 27. g4 Rad8 28.
Qe2 Ba6 29. Qg2 Rxd1 30. Rxd1 Rd8 31. Qc2 Rxd1 32. Qxd1 Bb7 33. Qe2 Qa8 34. Qc4+
Kf8 35. a4 bxa3 36. Bc3 Bxe4+ 37. Ka2 Bd5 38. Qf1 Qc6 39. Bxe5 Qc2+ 40. Ka1 Be4
41. Na2 Bd3 42. Qh1 fxe5 43. Qa8+ Kf7 44. Qd5+ Kg6 45. Qe6+ Bf6 46. Qe8+ Kg5 47.
h4+ Kf4 0-1

[Event "Druzynowe Mistrzostwa Polski - II liga"]
[Site "Dom Wczasowy VIS Jastrzebia Gora"]
[Date "1899-12-30"]
[Round "5.87"]
[White "Libura, Wieslaw"]
[Black "Walentukiewicz, Michal"]
[Result "1/2-1/2"]
[WhiteTitle "k"]
[BlackTitle "CM"]
[WhiteElo "2192"]
[BlackElo "2097"]

1. d4 c5 2. e3 Nf6 3. Nf3 g6 4. b3 Bg7 5. Bb2 cxd4 6. exd4 O-O 7. Nbd2 d5 8. Bd3
Nc6 9. O-O Nb4 10. Ne5 Nxd3 11. Nxd3 Bf5 12. Ne5 Rc8 13. c4 Ne4 14. Nxe4 Bxe4
15. Re1 Bf5 16. Rc1 dxc4 17. bxc4 b5 1/2-1/2

[Event "Druzynowe Mistrzostwa Polski - II liga"]
[Site "Dom Wczasowy VIS Jastrzebia Gora"]
[Date "1899-12-30"]
[Round "5.88"]
[White "Bienias, Piotr"]
[Black "Kindler, Przemyslaw"]
[Result "0-1"]
[WhiteTitle "I++"]
[BlackTitle "k"]
[WhiteElo "1957"]
[BlackElo "1969"]

1. e4 c5 2. Nf3 g6 3. c4 Bg7 4. d4 cxd4 5. Nxd4 Nc6 6. Be3 Nf6 7. Nc3 O-O 8. Be2
d6 9. f3 Re8 10. O-O Bd7 11. Qd2 b6 12. Rac1 Qc7 13. Nd5 Qb7 14. b4 Rac8 15. Nb3
Be6 16. a4 Ne5 17. Qa2 Nc6 18. Qa3 Bxd5 19. cxd5 Ne5 20. Nd4 e6 21. Nb5 Qe7 22.
dxe6 fxe6 23. Bd4 Nf7 24. Rxc8 Rxc8 25. Rc1 Rxc1+ 26. Qxc1 d5 27. Qc8+ Bf8 28.
Nc7 e5 29. Bc3 dxe4 30. Ne6 exf3 31. Bxf3 Nd7 32. Bd5 Qd6 33. Bb3 Qd3 34. Qc4
Qe3+ 35. Kf1 Nd6 36. Qd5 Nf6 37. Qd2 Qxd2 38. Bxd2 Nde4 39. Nxf8+ Kxf8 40. Be3
Ng4 41. Bc1 Nxh2+ 42. Ke2 Ng4 43. Kd3 Nd6 44. Bd1 Nf2+ 45. Ke2 Nxd1 46. Kxd1 Kf7
47. Ke2 a6 48. Bb2 Ke6 49. Kd3 Kd5 50. Bc1 e4+ 51. Kc3 b5 52. a5 Nf7 53. Be3 h5
54. Bc5 g5 55. Kd2 Ne5 56. Ke2 Nc4 57. Kf2 Nxa5 58. Be3 Nc6 59. Bd2 g4 60. Kg3
Kd4 61. Kh4 e3 62. Kxh5 Ke5 0-1

[Event "Druzynowe Mistrzostwa Polski - II liga"]
[Site "Dom Wczasowy VIS Jastrzebia Gora"]
[Date "1899-12-30"]
[Round "5.89"]
[White "Rybak, Tomasz"]
[Black "Antoniewicz, Jakub"]
[Result "0-1"]
[WhiteTitle "k"]
[BlackTitle "I"]
[WhiteElo "2148"]
[BlackElo "1928"]

1. e4 c5 2. Nf3 Nc6 3. Bb5 e5 4. O-O Bd6 5. c3 Nge7 6. d4 exd4 7. cxd4 cxd4 8.
Nxd4 O-O 9. Nc3 a6 10. Ba4 Bc5 11. Nde2 b5 12. Bb3 Bb7 13. Bf4 d6 14. Qd2 Na5
15. Bd5 Nxd5 16. Nxd5 Nc4 17. Qc2 Bxd5 18. exd5 Qf6 19. b3 Nb6 20. Qd2 Rfe8 21.
Bg3 Re4 22. a3 h6 23. Rfd1 Rae8 24. Nc3 Rd4 25. Qc2 b4 26. axb4 Bxb4 27. Ne2 Rd2
28. Rxd2 Bxd2 29. Rxa6 Rxe2 30. h3 Qd4 31. Ra2 g6 32. Kh2 Nxd5 33. Qc8+ Kh7 34.
Ra8 Ne7 35. Qe8 Qf6 36. Ra6 Bf4 0-1

[Event "Druzynowe Mistrzostwa Polski - II liga"]
[Site "Dom Wczasowy VIS Jastrzebia Gora"]
[Date "1899-12-30"]
[Round "5.90"]
[White "Leczek, Weronika"]
[Black "Wilk, Oktawia"]
[Result "1/2-1/2"]
[WhiteTitle "k"]
[BlackTitle "I++"]
[WhiteElo "1900"]
[BlackElo "1821"]

1. e4 e6 2. d4 d5 3. Nc3 Nf6 4. Bg5 Be7 5. e5 Nfd7 6. h4 Bxg5 7. hxg5 Qxg5 8. Nh3
Qe7 9. Qg4 f5 10. Qh5+ g6 11. Qh6 Nf8 12. O-O-O Bd7 13. Nf4 Qf7 14. Rh3 Nc6 15.
Qg5 Qe7 16. Qg3 O-O-O 17. Bb5 Nb4 18. Be2 Be8 19. Rh6 Kb8 20. Rdh1 Nc6 21. Qe3
Qb4 22. Rd1 Rg8 23. a3 Qe7 24. g3 g5 25. Ng2 Rg6 26. Rh2 Na5 27. Bd3 Rg7 28. Qe2
Nd7 29. b4 Nc6 30. Bb5 Nb6 31. Ne3 a6 32. Bxc6 Bxc6 33. Kb2 Na4+ 34. Nxa4 Bxa4
35. f4 gxf4 36. gxf4 Rdg8 37. Rdh1 Bb5 38. Qf2 1/2-1/2

[Event "Druzynowe Mistrzostwa Polski - II liga"]
[Site "Dom Wczasowy VIS Jastrzebia Gora"]
[Date "1899-12-30"]
[Round "5.91"]
[White "Majocha, Piotr"]
[Black "Kempinski, Tomasz"]
[Result "0-1"]
[WhiteTitle "I++"]
[BlackTitle "FM"]
[WhiteElo "1975"]
[BlackElo "2181"]

1. Nf3 g6 2. c4 Bg7 3. g3 Nf6 4. Bg2 O-O 5. O-O Nc6 6. d4 d6 7. b3 e5 8. dxe5 Ng4
9. Bb2 Ngxe5 10. Nxe5 Nxe5 11. Nc3 Rb8 12. Qd2 Be6 13. h3 a6 14. Kh2 Qd7 15. Nd5
Bxd5 16. Bxd5 Qe7 17. Bxe5 dxe5 18. Rad1 e4 19. Qc2 Rfe8 20. c5 c6 21. Bc4 h5
22. b4 h4 23. g4 Qe5+ 24. Kg2 Qf4 25. Rd7 Rf8 26. Bb3 Be5 27. Rh1 Rbd8 28. Rxb7
Kg7 29. e3 Qf3+ 30. Kg1 Rd3 31. Re7 Bf6 32. Rc7 Rfd8 33. Rxf7+ Kh6 34. g5+ Kxg5
35. Kh2 Be5+ 36. Rf4 Bxf4+ 37. exf4+ Qxf4+ 0-1

[Event "Druzynowe Mistrzostwa Polski - II liga"]
[Site "Dom Wczasowy VIS Jastrzebia Gora"]
[Date "1899-12-30"]
[Round "5.94"]
[White "Walkusz, Witoslaw"]
[Black "Machlowski, Slawomir"]
[Result "1/2-1/2"]
[WhiteTitle "FM"]
[BlackTitle "I+"]
[WhiteElo "1904"]
[BlackElo "2005"]

1. e4 e6 2. d4 d5 3. Nc3 Bb4 4. exd5 exd5 5. Bd3 Nc6 6. Nge2 Nge7 7. O-O Bf5 8.
a3 Bxc3 9. bxc3 Qd7 10. Ng3 Bxd3 11. cxd3 O-O 1/2-1/2

[Event "Druzynowe Mistrzostwa Polski - II liga"]
[Site "Dom Wczasowy VIS Jastrzebia Gora"]
[Date "1899-12-30"]
[Round "5.95"]
[White "Szydelko, Michal"]
[Black "Andrzejewska, Anna"]
[Result "0-1"]
[WhiteTitle "I++"]
[BlackTitle "WCM"]
[WhiteElo "1699"]
[BlackElo "1910"]

1. e4 e5 2. Nf3 Nc6 3. d4 exd4 4. Nxd4 Nf6 5. Nc3 Bb4 6. Nxc6 bxc6 7. Bd3 d5 8.
exd5 cxd5 9. O-O O-O 10. Bg5 c6 11. h3 h6 12. Bf4 Be6 13. Qf3 Bd6 14. b3 c5 15.
Nb5 Bxf4 16. Qxf4 Qd7 17. Nc7 Rac8 18. Nxe6 fxe6 19. Qe5 Qf7 20. Rae1 Rc6 21.
f4 Nd7 22. Qe2 Nb6 23. f5 exf5 24. Bxf5 Kh8 25. Be6 Qe8 26. Bxd5 Rc8 27. Rxf8+
Qxf8 28. Bf3 c4 29. Qe7 cxb3 30. cxb3 a5 31. Qxf8+ Rxf8 32. Re5 a4 33. Rb5 Rf6
34. b4 g5 35. Rc5 Kg7 36. Bc6 Rd6 37. Rc2 Kf6 38. Kf2 Ke5 39. Ke3 h5 40. Rc5+
Kf6 41. Be4 h4 42. Rf5+ Ke6 43. Rxg5 Nc4+ 44. Kf4 Rd4 45. Rg6+ Kf7 46. Rg4 Kf6
47. Rxh4 Nd6 48. Kf3 Rxb4 49. Rh6+ Ke5 50. Rh5+ Kf6 51. Bd5 Nb5 52. g4 Nc3 53.
Rf5+ Kg6 54. Bf7+ Kg7 55. h4 Rb2 56. Kf4 Rf2+ 57. Kg5 Ne4+ 58. Kh5 Ng3+ 59. Kg5
Nxf5 60. Be6 Nd4 61. Bd5 a3 62. h5 Rh2 63. Kf4 Ne2+ 64. Kf5 Nc3 65. Bb3 Nxa2 66.
g5 Nb4 67. h6+ Kh7 68. Kf6 Rf2+ 69. Ke7 a2 0-1

[Event "Druzynowe Mistrzostwa Polski - II liga"]
[Site "Dom Wczasowy VIS Jastrzebia Gora"]
[Date "1899-12-30"]
[Round "5.96"]
[White "Mlynarska, Sylwia"]
[Black "Trusz, Julia"]
[Result "0-1"]
[WhiteTitle "k+"]
[BlackTitle "I++"]
[WhiteElo "1922"]
[BlackElo "1741"]

1. d4 Nf6 2. c4 e6 3. Nc3 Bb4 4. Qc2 O-O 5. e3 c5 6. Nf3 d5 7. cxd5 cxd4 8. exd4
exd5 9. Be2 Nc6 10. Bg5 Qd6 11. O-O Bxc3 12. bxc3 Ne4 13. Bh4 Bf5 14. Bd3 Rac8
15. Qb3 Na5 16. Qb4 Qc7 17. Rfd1 Qxc3 18. Qxc3 Rxc3 19. Be7 Re8 20. Bb4 Rxd3 21.
Rxd3 Nc4 22. Rb3 b6 23. Be1 Ned6 24. Nh4 Bc2 25. Rc3 Ba4 26. g3 Nb5 27. Kf1 Nxc3
28. Bxc3 Bc2 29. Ng2 Be4 30. Re1 Bxg2+ 31. Kxg2 Rxe1 32. Bxe1 f6 33. h4 Kf7 34.
Kf3 Ke6 35. Bc3 Nd6 36. Kf4 Nb5 37. Bb2 Nc7 38. Ke3 Kd7 39. g4 Na6 40. Ba3 Ke6
41. Bf8 g6 42. Kd3 Nb8 43. Ke3 Nc6 44. Kd3 h5 45. f3 f5 46. gxh5 gxh5 47. a3 Nd8
48. Kc3 Kd7 49. Bg7 Kc6 50. Be5 Ne6 51. Kb4 Nf8 52. Bf6 Ng6 53. Bg5 Nf8 54. Bf6
Nd7 55. Bg5 Nb8 56. Bf4 Na6+ 57. Ka4 Nc7 58. Be5 Nb5 59. Kb3 Nd6 60. Bf4 Nc4 61.
Kb4 a6 62. Kb3 Kb5 63. a4+ Kc6 64. Kc3 b5 65. axb5+ Kxb5 66. Bc1 a5 67. Kc2 Kb4
0-1

[Event "Druzynowe Mistrzostwa Polski - II liga"]
[Site "Dom Wczasowy VIS Jastrzebia Gora"]
[Date "1899-12-30"]
[Round "5.97"]
[White "Rudolf, Michal"]
[Black "Sliwicki, Damian"]
[Result "1-0"]
[WhiteTitle "FM"]
[BlackTitle "CM"]
[WhiteElo "2328"]
[BlackElo "2140"]

1. d4 Nf6 2. Nf3 c5 3. d5 b5 4. Bg5 Qb6 5. c3 Bb7 6. Bxf6 Qxf6 7. e4 Qg6 8. Nbd2
e6 9. Bxb5 exd5 10. exd5 Bxd5 11. O-O Be7 12. Re1 Be6 13. Ne5 Qf6 14. Qa4 O-O
15. Bxd7 Bd5 16. Bb5 Bd6 17. Ndf3 a6 18. Bc4 Bxf3 19. Nxf3 Nc6 20. Bd5 Rac8 21.
Qe4 Ne7 22. Bc4 a5 23. Rad1 Ng6 24. g3 h6 25. h4 Rce8 26. Qxe8 Rxe8 27. Rxe8+
Kh7 28. h5 Nf8 29. Kg2 g5 30. Rd5 Kg7 31. Nd2 Ne6 32. Ne4 Nf4+ 33. gxf4 Qxf4 34.
Rxd6 g4 35. Rf6 Qf3+ 36. Rxf3 1-0

[Event "Druzynowe Mistrzostwa Polski - II liga"]
[Site "Dom Wczasowy VIS Jastrzebia Gora"]
[Date "1899-12-30"]
[Round "5.98"]
[White "Papka, Sebastian"]
[Black "Markowski, Damian"]
[Result "0-1"]
[WhiteTitle "k"]
[BlackTitle "FM"]
[WhiteElo "2101"]
[BlackElo "2186"]

1. d4 Nf6 2. c4 g6 3. Nc3 Bg7 4. e4 d6 5. Be2 O-O 6. Be3 e5 7. d5 a5 8. g4 Na6
9. g5 Ne8 10. h4 Bd7 11. h5 Nc5 12. hxg6 fxg6 13. Qc2 Rf7 14. O-O-O a4 15. Nf3
a3 16. b3 c6 17. Kb1 Qa5 18. Ka1 Rc8 19. Rh2 Bh8 20. Rdh1 Nc7 21. Bd2 Qa7 22.
Nh4 Bg7 23. Qd1 cxd5 24. cxd5 b5 25. Nf3 b4 26. Nb1 Bb5 27. Be3 Bxe2 28. Qxe2
Nxd5 29. Rxh7 Nxe3 30. Qxe3 Qb7 31. Nfd2 Qd7 32. Qg3 Ne6 33. Qh3 Kf8 34. Nc4 Nd4
35. Nbd2 Qxh3 36. R7xh3 Ke7 37. f3 Ke6 38. Kb1 Bf8 39. Rh7 Rcc7 40. Rxf7 Rxf7
41. Rh3 Be7 42. Rg3 Rh7 43. Rg1 Rh2 44. Nf1 Rf2 0-1

[Event "Druzynowe Mistrzostwa Polski - II liga"]
[Site "Dom Wczasowy VIS Jastrzebia Gora"]
[Date "1899-12-30"]
[Round "5.101"]
[White "Kasperkiewicz, Pawel"]
[Black "Lewandowski, Marek"]
[Result "1-0"]
[WhiteTitle "k"]
[BlackTitle "I+"]
[WhiteElo "1884"]
[BlackElo "1758"]

1. e4 d5 2. exd5 Qxd5 3. Nc3 Qd8 4. d4 Nf6 5. Nf3 c6 6. Bc4 Bf5 7. Ne5 e6 8. g4
Bg6 9. h4 Nbd7 10. Nxd7 Qxd7 11. h5 Be4 12. Nxe4 Nxe4 13. Be3 Bb4+ 14. c3 Be7
15. Qf3 Nd6 16. Bb3 h6 17. Qg2 O-O-O 18. O-O-O Kb8 19. f4 b5 20. Kb1 Nc4 21. Bc1
Nb6 22. Rhe1 Nd5 23. Qf3 Rhe8 24. g5 Bd6 25. gxh6 gxh6 26. f5 Rh8 27. fxe6 fxe6
28. Qe4 Rde8 29. Qg6 Nf4 30. Bxf4 Bxf4 31. Bxe6 Qc7 32. Qd3 Rd8 33. Bh3 Rd6 34.
Re4 Bg5 35. Rde1 a6 36. Qe2 Rhd8 37. Re5 Rf6 38. Bg2 Rfd6 39. Qf3 Kb7 40. Rf5
Kb6 41. a3 a5 42. Bh3 Qh7 43. Ka1 b4 44. Qd3 Rd5 45. Re6 Rxf5 46. Bxf5 Qc7 47.
Qc4 bxa3 48. bxa3 Kb7 49. Be4 Rd6 50. Rxd6 Qxd6 51. Qb5+ Kc7 52. Qxa5+ Kd7 53.
Qb4 Qxb4 54. axb4 Kc7 55. Kb2 Kd6 56. Kb3 Kc7 57. Kc4 Bd2 58. d5 cxd5+ 59. Bxd5
Kb6 60. Kb3 Kb5 61. Bf7 Be1 62. c4+ Kc6 63. c5 Bf2 64. Kc4 Kc7 65. b5 Be1 66.
Bd5 Ba5 67. Bf3 Kd7 68. b6 Be1 69. Kb5 Kc8 70. c6 Bg3 71. Bg4+ Kb8 72. Be6 Bf4
73. Bb3 Bg3 74. c7+ Bxc7 75. bxc7+ Kxc7 76. Kc5 Kd7 77. Kd5 Ke7 78. Ke5 Kf8 79.
Kf6 Ke8 80. Kg6 Ke7 81. Kxh6 Kf6 82. Ba2 Ke7 83. Kg7 1-0

[Event "Druzynowe Mistrzostwa Polski - II liga"]
[Site "Dom Wczasowy VIS Jastrzebia Gora"]
[Date "1899-12-30"]
[Round "5.102"]
[White "Sivickis, Wiktoria"]
[Black "Bednarska-bzdega, Malgorzata"]
[Result "1/2-1/2"]
[WhiteTitle "I++"]
[BlackTitle "WFM"]
[WhiteElo "1723"]
[BlackElo "1909"]

1. Nf3 Nf6 2. g3 g6 3. d4 Bg7 4. Bg2 O-O 5. O-O d6 6. c4 c5 7. Nc3 Nbd7 8. h3 a6
9. d5 Ne5 10. Nd2 Rb8 11. a4 Ne8 12. f4 Nd7 13. Nf3 Nc7 14. a5 b5 15. axb6 Nxb6
16. Qd3 Bd7 17. e4 Ne8 18. Rxa6 Qc8 19. Ra7 Bxh3 20. Bxh3 Qxh3 21. Ne2 Nc8 22.
Ra2 Nf6 23. Ng5 Qh5 24. Kg2 Ng4 25. Nf3 f5 26. Nh4 Nh6 27. Rh1 Qg4 28. e5 dxe5
29. fxe5 Qe4+ 30. Qxe4 fxe4 31. Nxg6 hxg6 32. Bxh6 Rb4 33. Bxg7 Kxg7 34. Nc3 Rxc4
35. Re1 Rd4 36. Rxe4 Nb6 37. Rxd4 cxd4 38. Nb5 d3 39. Nc3 Rd8 40. Kf2 Nxd5 41.
Nd1 Rf8+ 42. Kg2 Rf5 43. Ra3 Nb4 44. Ra4 Nc6 45. Re4 Rxe5 46. Kf3 Rd5 47. Ke3
Kf6 48. Kd2 Ne5 49. Nf2 g5 50. Nd1 Nf3+ 51. Ke3 Ne5 52. Kd2 Nf3+ 53. Ke3 Ne5 54.
Kd2 1/2-1/2

[Event "Druzynowe Mistrzostwa Polski - II liga"]
[Site "Dom Wczasowy VIS Jastrzebia Gora"]
[Date "1899-12-30"]
[Round "5.103"]
[White "Balinski, Damian"]
[Black "Nowak, Kamil"]
[Result "1-0"]
[WhiteTitle "k"]
[BlackTitle "m"]
[WhiteElo "2188"]
[BlackElo "2275"]

1. d4 d5 2. c4 c6 3. Nf3 Nf6 4. e3 e6 5. Nc3 Bd6 6. Be2 Nbd7 7. O-O O-O 8. b3 b6
9. Bb2 Bb7 10. Bd3 c5 11. cxd5 exd5 12. Rc1 Rc8 13. Ne2 Qe7 14. Ng3 g6 15. Re1
Ne4 16. Re2 Ndf6 17. Nd2 Ng4 18. dxc5 bxc5 19. Ndxe4 dxe4 20. Bc4 Bb8 21. Qc2
Rfe8 22. h3 Nf6 23. Rd2 Be5 24. Rcd1 Kg7 25. Ne2 Bxb2 26. Qxb2 Red8 27. Rxd8 Rxd8
28. Rxd8 Qxd8 29. Qe5 Qd1+ 30. Kh2 Qe1 31. Nf4 Qxf2 32. Qe7 Qh4 33. Ne6+ 1-0

[Event "Druzynowe Mistrzostwa Polski - II liga"]
[Site "Dom Wczasowy VIS Jastrzebia Gora"]
[Date "1899-12-30"]
[Round "5.104"]
[White "Daniel, Damian"]
[Black "Zerebiec, Maurycy"]
[Result "1-0"]
[WhiteTitle "CM"]
[BlackTitle "I++"]
[WhiteElo "2163"]
[BlackElo "1885"]

1. d4 d5 2. c4 Nc6 3. e3 e5 4. cxd5 Qxd5 5. Nc3 Bb4 6. Bd2 Bxc3 7. bxc3 exd4 8.
cxd4 Nf6 9. Ne2 O-O 10. Nf4 Qd6 11. Be2 Ne4 12. O-O g5 13. Nd3 f5 14. Rc1 Rf6
15. Nc5 Rh6 16. Bc4+ Kg7 17. f4 g4 18. Nxe4 fxe4 19. d5 Ne7 20. Bc3+ Kf8 21. Qd4
Nf5 22. Qh8+ Ke7 23. Qe5+ Kf8 24. Bb5 Qxe5 25. fxe5 c6 26. e6 cxb5 27. Rxf5+ Kg8
28. Rcf1 Bxe6 29. Rg5+ Rg6 30. Rxg6+ hxg6 31. dxe6 Re8 32. Rf6 Kg7 33. Rf7+ Kg8
34. Rg7+ Kf8 35. Rxg6 1-0

[Event "Druzynowe Mistrzostwa Polski - II liga"]
[Site "Dom Wczasowy VIS Jastrzebia Gora"]
[Date "1899-12-30"]
[Round "5.105"]
[White "Grzesik, Norbert"]
[Black "Stankiewicz, Pawel"]
[Result "0-1"]
[WhiteTitle "I++"]
[BlackTitle "k"]
[WhiteElo "1983"]
[BlackElo "2101"]

1. e4 c5 2. Nf3 d6 3. d4 cxd4 4. Nxd4 Nf6 5. Nc3 a6 6. Bg5 Nbd7 7. f4 Qc7 8. Qf3
h6 9. Bxf6 Nxf6 10. Bd3 g5 11. fxg5 hxg5 12. Nf5 Bd7 13. O-O-O O-O-O 14. Kb1 Qc5
15. Rdf1 Be6 16. g3 g4 17. Qe3 Qa5 18. a3 Kb8 19. Rf2 Nd7 20. Rhf1 Ne5 21. Rd1
Rc8 22. Be2 Bc4 23. Rd4 Bxe2 24. Nxe2 Nc4 25. Qc3 Nxa3+ 26. Qxa3 Qe1+ 0-1

[Event "Druzynowe Mistrzostwa Polski - II liga"]
[Site "Dom Wczasowy VIS Jastrzebia Gora"]
[Date "1899-12-30"]
[Round "5.106"]
[White "Borowski, Przemyslaw"]
[Black "Rymaszewski, Dariusz"]
[Result "0-1"]
[WhiteTitle "I"]
[BlackTitle "k"]
[WhiteElo "1889"]
[BlackElo "2050"]

1. d4 Nf6 2. c4 g6 3. Nc3 Bg7 4. e4 d6 5. Be2 O-O 6. g4 e5 7. d5 c6 8. h4 Na6 9.
h5 Nc5 10. f3 a5 11. Be3 cxd5 12. cxd5 a4 13. Qd2 Qa5 14. hxg6 fxg6 15. Bh6 a3
16. b3 Bxh6 17. Rxh6 Bd7 18. Nd1 Qb6 19. Ne3 Ncxe4 20. Qd3 Bb5 21. Qxb5 Qxe3 22.
Rh1 Qf2+ 0-1

[Event "Druzynowe Mistrzostwa Polski - II liga"]
[Site "Dom Wczasowy VIS Jastrzebia Gora"]
[Date "1899-12-30"]
[Round "5.107"]
[White "Paprocki, Artur"]
[Black "Reichel, Lukasz"]
[Result "1/2-1/2"]
[WhiteTitle "I"]
[BlackTitle "I"]
[WhiteElo "1800"]
[BlackElo "1887"]

1. d4 Nf6 2. c4 g6 3. Nc3 Bg7 4. e4 d6 5. Nf3 O-O 6. Be2 e5 7. Be3 Ng4 8. Bg5 f6
9. Bc1 Nc6 10. h3 exd4 11. Nxd4 Nge5 12. Be3 Nxd4 13. Bxd4 Nc6 14. Be3 f5 15.
exf5 Bxf5 16. O-O Qd7 17. Qd2 Rae8 18. Rae1 Kh8 19. Nd5 Ne7 20. Nxe7 Rxe7 21.
Bd4 Rfe8 22. Bxg7+ Kxg7 23. Bf3 Rxe1 24. Rxe1 Rxe1+ 25. Qxe1 c6 26. Qe3 a6 27.
Qd4+ Kg8 28. b3 h5 29. g4 hxg4 30. hxg4 Be6 31. Qf6 Qf7 32. Qd8+ Qf8 33. Qxf8+
Kxf8 34. g5 d5 35. cxd5 Bxd5 36. Be2 Be4 37. b4 Ke7 38. f4 Bf5 39. Kf2 Kd6 40.
Ke3 Bb1 41. Bc4 c5 42. a3 Bf5 43. Bb3 cxb4 44. axb4 b6 45. Kd4 a5 46. bxa5 bxa5
47. Ba4 Bb1 48. Kc4 Bf5 49. Be8 Ke7 50. Bxg6 Bxg6 1/2-1/2